000 00962nam a22003377a 4500
001 BR6700065
003 BR-BrBNA
005 20230928083444.0
007 ta
008 230509b bl.||||| |||| 00| 0 por d
040 _aBR-BrBNA
_bpor
_cBiblioteca Nacional de Agricultura
041 _a(Por)
072 _aK00; K50
_b3140
_b/G514
090 _ 3140 BR6700065
100 1 _aMartino, S.
110 1 _aInstituto Brasileiro de Desenvolvimento Florestal, Brasilia, DF
_95726
245 1 _aO pinheiro brasileiro [Producao vegetal; Industria florestal]
250 1 _a2. ed.
260 3 _aBrasilia, DF (Brasil):
_c[nd].
300 _a78 p.
500 _aPublished after 1966; Bibliography p. 73-78
650 _aPRODUCAO FLORESTAL
650 _aINDUSTRIA FLORESTAL
650 _aPINHEIRO-DO-PARANA
650 _aSEMENTE
650 _aPLANTIO
650 _aRENDIMENTO
650 _aMADEIRA
909 _a202309
_bLucia
_c55
_dLucia Elande
942 _cBK
999 _c13575
_d13575